Oral poetry. (Record no. 8376)
[ view plain ]
| 000 -LEADER | |
|---|---|
| fixed length control field | 00583cam2a220021700 4500 |
| 001 - CONTROL NUMBER | |
| control field | zam00002587 |
| 008 - FIXED-LENGTH DATA ELEMENTS--GENERAL INFORMATION | |
| fixed length control field | 951128s1977 xx eng u |
| 035 ## - SYSTEM CONTROL NUMBER | |
| System control number | (Sirsi) r19940 |
| 035 ## - SYSTEM CONTROL NUMBER | |
| System control number | (MACHINE)SLC. |
| 100 ## - MAIN ENTRY--PERSONAL NAME | |
| Personal name | Finnegan, R. H. |
| Linkage | A81070.1 |
| 245 10 - TITLE STATEMENT | |
| Title | Oral poetry. |
| 260 ## - PUBLICATION, DISTRIBUTION, ETC. | |
| Date of publication, distribution, etc. | 1977. |
| 591 ## - | |
| -- | Class code: LAL 320. |
| 591 ## - | |
| -- | Course: African oral literature. |
| 591 ## - | |
| -- | School: S05. |
| 591 ## - | |
| -- | Lecturer: Mr. MUNDIA, M.W. |
| 591 ## - | |
| -- | Number of Students: 53. |
| 949 ## - LOCAL PROCESSING INFORMATION (OCLC) | |
| a | PN1341 |
| w | lcc |
| m | MAIN |
| p | 2500 |
| t | SHORTLOAN |
| l | SHORTLOAN |
| 909 ## - | |
| -- | Book |
| Withdrawn status | Lost status | Source of classification or shelving scheme | Damaged status | Not for loan | Home library | Current library | Shelving location | Total Checkouts | Full call number | Barcode | Date last seen | Copy number | Price effective from | Koha item type |
|---|---|---|---|---|---|---|---|---|---|---|---|---|---|---|
| Library of Congress Classification | Main Library | Main Library | Academic reserves/Short loan | PN1341 FIN 1979 | 33729005189514 | 08/12/2019 | 1 | 08/12/2019 | Short Loan material |